Statistiques concernant Histoire commençant par la lettre E

Cliquez ici pour prendre le quiz!

Statistiques générales

  • Ce quiz a été pris 42 392 fois
    (29 142 depuis la dernière actualisation)
  • Le résultat moyen est 11 sur 20

Statistiques - réponses

IndiceRéponse% Correct
Scientifique célèbre qui aimait bien tirer la langueEinstein
99%
Gustave a donné son nom à cette tourEiffel
91%
Monnaie introduite en 1999Euro
88%
Équation célèbre exprimée par ce dernierE=mc²
87%
Reine d'Angleterre célèbre pour sa virginitéÉlisabeth I
83%
Mathématicien grec ayant donné son nom à un algorithme, une géométrie et une divisionEuclide
64%
Long fleuve de MésopotamieEuphrate
58%
Pays dont les Ptolémées furent la dernière dynastieÉgypte
55%
Inventeur américain "aux mille brevets"Thomas Edison
52%
Napoléon a été exilé sur cette îleElbe
51%
Planificateur du D-Day devenu PrésidentDwight D. Eisenhower
49%
Nom de Tokyo sous le shogunat TokugawaEdo
47%
Machine de chiffrement utilisée en Allemagne lors de la Seconde Guerre mondialeEnigma
47%
Roi d'Angleterre appelé "le Confesseur"Édouard
45%
Ville natale d'Adam Smith et de David HumeEdimbourg
39%
Ancienne civilisation italique, rivale de l'Empire RomainEtrusques
29%
On lui doit Le Nom de la RoseUmberto Eco
26%
Canal connectant les Grands Lacs à l'AtlantiqueÉrié
22%
Aviatrice américaine, première femme à traverser l'Océan Atlantique en avionAmelia Earhart
16%
Explorateur islandais du Xème siècle ayant découvert le territoire de "Vinland"Leif Erikson
15%

Distribution des résultats

Percentile par nombre de réponses

% des personnes avec chaque résultat

Votre développement - résultats

Vous n’avez pas pris ce quiz depuis la dernière actualisation